000 00804nam a2200229Ia 4500
003 OSt
005 20250627124447.0
008 191128s1995 ck er 000 f spa d
020 _a9582002204
040 _aCO-JMCR
_cCO-JMCR
041 _aspa
082 0 4 _aA-P
_bGOMe
100 1 _aGómez Jattin, Raúl,
_eautor
_98787
245 1 0 _aEsplendor de la mariposa /
_cRaúl Gómez Jattin
250 _a1a edición
260 _aBogotá :
_bCooperativa Editorial Magisterio,
_c1995
300 _a69 páginas ;
_c21 cm.
490 _aPiedra de sol
505 _aMariposa -- Dios terrible -- Anuncios -- Oh Walt Whitman -- Retrato -- Pájaro -- Pájaro 2 -- Los visitantes eternos -- prisión -- Amarrado -- Amor -- Plegaria -- Cielo -- Canción
650 1 4 _aPoesía colombiana
_98788
942 _2ddc
_cBK
999 _c4527
_d4527